The Fund's Income Position for FY 2013 : Midyear Update.

This paper presents updated projections on the Fund's FY 2013 income position. The projected net income is now SDR 2.1 billion, slightly lower than the earlier projection of SDR 2.3 billion at the beginning of the year. The changes reflect lower projected disbursements under approved arrangemen...

Deskribapen osoa

Xehetasun bibliografikoak
Erakunde egilea: International Monetary Fund
Formatua: Aldizkaria
Hizkuntza:English
Argitaratua: Washington, D.C. : International Monetary Fund, 2012.
Saila:Policy Papers; Policy Paper ; No. 2012/105
Gaiak:
Sarrera elektronikoa:Full text available on IMF
LEADER 01779cas a2200301 a 4500
001 AALejournalIMF020281
008 230101c9999 xx r poo 0 0eng d
020 |c 5.00 USD 
020 |z 9781498339537 
022 |a 2663-3493 
040 |a BD-DhAAL  |c BD-DhAAL 
110 2 |a International Monetary Fund. 
245 1 4 |a The Fund's Income Position for FY 2013 :   |b Midyear Update. 
264 1 |a Washington, D.C. :  |b International Monetary Fund,  |c 2012. 
300 |a 1 online resource (7 pages) 
490 1 |a Policy Papers 
500 |a <strong>Off-Campus Access:</strong> No User ID or Password Required 
500 |a <strong>On-Campus Access:</strong> No User ID or Password Required 
506 |a Electronic access restricted to authorized BRAC University faculty, staff and students 
520 3 |a This paper presents updated projections on the Fund's FY 2013 income position. The projected net income is now SDR 2.1 billion, slightly lower than the earlier projection of SDR 2.3 billion at the beginning of the year. The changes reflect lower projected disbursements under approved arrangements owing to delays in scheduled drawings and arrangements expected to expire with substantial undrawn balances, the expectation that funding of the gold endowment will not begin until FY 2014, and lower implicit returns on the Fund's interest-free resources due to the prevailing interest rate environment. 
538 |a Mode of access: Internet 
650 7 |a Income Projection  |2 imf 
650 7 |a Income  |2 imf 
650 7 |a PP  |2 imf 
650 7 |a SDR Billion  |2 imf 
650 7 |a SDR Department  |2 imf 
830 0 |a Policy Papers; Policy Paper ;  |v No. 2012/105 
856 4 0 |z Full text available on IMF  |u http://elibrary.imf.org/view/journals/007/2012/105/007.2012.issue-105-en.xml  |z IMF e-Library